Central Library || Chittagong University

Introduction to thermodynamics ./ (Record no. 109476)

MARC details
000 -LEADER
fixed length control field 00466nam a22001697a 4500
003 - CONTROL NUMBER IDENTIFIER
control field BD-ChCU
005 - DATE AND TIME OF LATEST TRANSACTION
control field 20251116123059.0
008 - FIXED-LENGTH DATA ELEMENTS--GENERAL INFORMATION
fixed length control field 251116b bg ||||| |||| 00| 0 ben d
040 ## - CATALOGING SOURCE
Transcribing agency BD-ChCU
082 ## - DEWEY DECIMAL CLASSIFICATION NUMBER
Classification number 536.7 SPI
100 ## - MAIN ENTRY--PERSONAL NAME
Personal name Spanner , D.C.
9 (RLIN) 16211
245 ## - TITLE STATEMENT
Title Introduction to thermodynamics ./
Statement of responsibility, etc. D.C. Spanner.
260 ## - PUBLICATION, DISTRIBUTION, ETC.
Place of publication, distribution, etc. New York :
Name of publisher, distributor, etc. Academic press ,
Date of publication, distribution, etc. C 1964
300 ## - PHYSICAL DESCRIPTION
Extent xii , 278p
650 #0 - SUBJECT ADDED ENTRY--TOPICAL TERM
Topical term or geographic name entry element Thermodynamics. Botany.
9 (RLIN) 16212
942 ## - ADDED ENTRY ELEMENTS (KOHA)
Source of classification or shelving scheme Dewey Decimal Classification
Koha item type Books
Suppress in OPAC No
Holdings
Withdrawn status Lost status Source of classification or shelving scheme Damaged status Not for loan Home library Current library Shelving location Date acquired Source of acquisition Total Checkouts Full call number Barcode Date last seen Copy number Price effective from Koha item type
    Dewey Decimal Classification     Chittagong University Library Chittagong University Library Science Reading Room 11/16/2025 Purchase   536.7 SPI 38764 11/16/2025 C-1 11/16/2025 Books
    Dewey Decimal Classification     Chittagong University Library Chittagong University Library Science Reading Room 11/16/2025 Purchase   536.7 SPI 38765 11/16/2025 C-2 11/16/2025 Books
© Copyright 2025. Chittagong University Library, Installation and Maintenance by Prof. Dr. Md. Alamgir, 01711306253